Detalles MARC
| 000 -LEADER |
| fixed length control field |
02826nam a2200661Ii 4500 |
| 001 - CONTROL NUMBER |
| control field |
DIGAKAL0335 |
| 003 - CONTROL NUMBER IDENTIFIER |
| control field |
NyNyDIG |
| 008 - FIXED-LENGTH DATA ELEMENTS--GENERAL INFORMATION |
| fixed length control field |
191008t20172005sp ob 000 0 spa d |
| 006 - FIXED-LENGTH DATA ELEMENTS--ADDITIONAL MATERIAL CHARACTERISTICS |
| fixed length control field |
m o d |
| 007 - PHYSICAL DESCRIPTION FIXED FIELD--GENERAL INFORMATION |
| fixed length control field |
cr ||||||||||| |
| 020 ## - INTERNATIONAL STANDARD BOOK NUMBER |
| International Standard Book Number |
9788446041924 |
| Qualifying information |
(eBook ; |
| -- |
ePub) |
| 020 ## - INTERNATIONAL STANDARD BOOK NUMBER |
| International Standard Book Number |
8446041928 |
| Qualifying information |
(eBook ; |
| -- |
ePub) |
| 020 ## - INTERNATIONAL STANDARD BOOK NUMBER |
| Canceled/invalid ISBN |
9788446016731 |
| 020 ## - INTERNATIONAL STANDARD BOOK NUMBER |
| Canceled/invalid ISBN |
8446016737 |
| 035 ## - SYSTEM CONTROL NUMBER |
| System control number |
(OCoLC)1122821821 |
| 040 ## - CATALOGING SOURCE |
| Original cataloging agency |
DGITA |
| Language of cataloging |
eng |
| Description conventions |
rda |
| -- |
pn |
| Transcribing agency |
DGITA |
| 041 1# - LANGUAGE CODE |
| Language code of text/sound track or separate title |
spa |
| Language code of original |
ger |
| 050 14 - LIBRARY OF CONGRESS CALL NUMBER |
| Classification number |
B3199.A33 ebook |
| 082 04 - DEWEY DECIMAL CLASSIFICATION NUMBER |
| Classification number |
193 |
| 100 1# - MAIN ENTRY--PERSONAL NAME |
| Personal name |
Adorno, Theodor W., |
| Dates associated with a name |
1903-1969, |
| Relator term |
author. |
| 240 10 - UNIFORM TITLE |
| Uniform title |
Works. |
| Form subheading |
Selections |
| Language of a work |
Spanish |
| Version |
(Brotons Muñoz) |
| 245 10 - TITLE STATEMENT |
| Title |
Dialéctica negativa ; |
| Remainder of title |
La jerga de la autenticidad / |
| Statement of responsibility, etc. |
Th.W. Adorno ; edición de Rolf Tiedemann ; con la colaboración de Gretel Adorno, Susan Bech-Morss y Klauss Schultz ; traducción, Alfredo Brotons Muñoz. |
| 246 30 - VARYING FORM OF TITLE |
| Title proper/short title |
Jerga de la autenticidad |
| 264 #1 - PRODUCTION, PUBLICATION, DISTRIBUTION, MANUFACTURE, AND COPYRIGHT NOTICE |
| Place of production, publication, distribution, manufacture |
Tres Cantos, Madrid, España : |
| Name of producer, publisher, distributor, manufacturer |
Akal, |
| Date of production, publication, distribution, manufacture, or copyright notice |
[2017] |
| 264 #4 - PRODUCTION, PUBLICATION, DISTRIBUTION, MANUFACTURE, AND COPYRIGHT NOTICE |
| Date of production, publication, distribution, manufacture, or copyright notice |
©2005 |
| 300 ## - PHYSICAL DESCRIPTION |
| Extent |
1 online resource. |
| 336 ## - CONTENT TYPE |
| Content type term |
text |
| Content type code |
txt |
| Source |
rdacontent |
| 337 ## - MEDIA TYPE |
| Media type term |
computer |
| Media type code |
c |
| Source |
rdamedia |
| 338 ## - CARRIER TYPE |
| Carrier type term |
online resource |
| Carrier type code |
cr |
| Source |
rdacarrier |
| 347 ## - DIGITAL FILE CHARACTERISTICS |
| File type |
text file |
| Source |
rdaft |
| 347 ## - DIGITAL FILE CHARACTERISTICS |
| Encoding format |
EPUB |
| 490 1# - SERIES STATEMENT |
| Series statement |
Akal/Básica de bolsillo ; |
| Volume/sequential designation |
66 |
| 490 1# - SERIES STATEMENT |
| Series statement |
Obra completa ; |
| Volume/sequential designation |
6 |
| 504 ## - BIBLIOGRAPHY, ETC. NOTE |
| Bibliography, etc. note |
Includes bibliographical references. |
| 588 0# - SOURCE OF DESCRIPTION NOTE |
| Source of description note |
Online resource; title from ePub title page (Digitalia, viewed October 10, 2019) |
| 650 #0 - SUBJECT ADDED ENTRY--TOPICAL TERM |
| Topical term or geographic name entry element |
Dialectic. |
| 650 #0 - SUBJECT ADDED ENTRY--TOPICAL TERM |
| Topical term or geographic name entry element |
Philosophy. |
| 650 #0 - SUBJECT ADDED ENTRY--TOPICAL TERM |
| Topical term or geographic name entry element |
Philosophy, German |
| Chronological subdivision |
20th century. |
| 650 #0 - SUBJECT ADDED ENTRY--TOPICAL TERM |
| Topical term or geographic name entry element |
Existentialism. |
| 655 #0 - INDEX TERM--GENRE/FORM |
| Genre/form data or focus term |
Electronic books. |
| 700 1# - ADDED ENTRY--PERSONAL NAME |
| Personal name |
Tiedemann, Rolf, |
| Relator term |
editor. |
| 700 1# - ADDED ENTRY--PERSONAL NAME |
| Personal name |
Adorno, Gretel, |
| Relator term |
editor. |
| 700 1# - ADDED ENTRY--PERSONAL NAME |
| Personal name |
Buck-Morss, Susan, |
| Relator term |
editor. |
| 700 1# - ADDED ENTRY--PERSONAL NAME |
| Personal name |
Schultz, Klaus, |
| Dates associated with a name |
1947-2014, |
| Relator term |
editor. |
| 700 1# - ADDED ENTRY--PERSONAL NAME |
| Personal name |
Brotons Muñoz, Alfredo, |
| Relator term |
translator. |
| 700 1# - ADDED ENTRY--PERSONAL NAME |
| Relationship information |
Translation of: |
| Personal name |
Adorno, Theodor W., |
| Dates associated with a name |
1903-1969. |
| Title of a work |
Negative Dialektik. |
| 700 1# - ADDED ENTRY--PERSONAL NAME |
| Relationship information |
Translation of: |
| Personal name |
Adorno, Theodor W., |
| Dates associated with a name |
1903-1969. |
| Title of a work |
Jargon der Eigentlichkeit. |
| 700 12 - ADDED ENTRY--PERSONAL NAME |
| Relationship information |
Container of (expression): |
| Personal name |
Adorno, Theodor W., |
| Dates associated with a name |
1903-1969. |
| Title of a work |
Negative Dialektik. |
| Language of a work |
Spanish |
| Version |
(Brotons Muñoz) |
| 700 12 - ADDED ENTRY--PERSONAL NAME |
| Relationship information |
Container of (expression): |
| Personal name |
Adorno, Theodor W., |
| Dates associated with a name |
1903-1969. |
| Title of a work |
Jargon der Eigentlichkeit. |
| Language of a work |
Spanish |
| Version |
(Brotons Muñoz) |
| 791 2# - |
| -- |
Digitalia (Firm), |
| -- |
distributor. |
| 793 0# - |
| -- |
Digitalia eBook Collection: |
| -- |
Akal |
| 776 08 - ADDITIONAL PHYSICAL FORM ENTRY |
| Relationship information |
Print version: |
| Main entry heading |
Adorno, Theodor W. 1903-1969. |
| Uniform title |
Works. Selections. Spanish (Brotons Muñoz). |
| Title |
Dialéctica negativa. |
| Place, publisher, and date of publication |
Tres Cantos, Madrid, España : Akal, [2005] |
| International Standard Book Number |
9788446016731 |
| 830 #0 - SERIES ADDED ENTRY--UNIFORM TITLE |
| Uniform title |
Akal bolsillo ; |
| Volume/sequential designation |
66. |
| 800 1# - SERIES ADDED ENTRY--PERSONAL NAME |
| Personal name |
Adorno, Theodor W., |
| Dates associated with a name |
1903-1969. |
| Title of a work |
Works. |
| Language of a work |
Spanish (Akal Editor) ; |
| Volume/sequential designation |
6. |
| 856 40 - ELECTRONIC LOCATION AND ACCESS |
| Materials specified |
Digitalia Hispánica |
| Uniform Resource Identifier |
<a href="https://www.digitaliapublishing.com/a/50832/">https://www.digitaliapublishing.com/a/50832/</a> |
| 910 ## - USER-OPTION DATA (OCLC) |
| User-option data |
Premium collection: 2019 |
| 942 ## - ADDED ENTRY ELEMENTS (KOHA) |
| Koha item type |
Recurso Electrónico |